Guía farmacológica pediátrica : en tratamiento parenteral y cuidados de enfermería / (Registro nro. 21783)

Detalles MARC
000 -LEADER
fixed length control field 02150nam a22002417a 4500
003 - CONTROL NUMBER IDENTIFIER
control field DO-CoUTE
005 - DATE AND TIME OF LATEST TRANSACTION
control field 20260204212649.0
008 - FIXED-LENGTH DATA ELEMENTS--GENERAL INFORMATION
fixed length control field 220726b dr ||||| |||| 00| 0 spa d
020 ## - INTERNATIONAL STANDARD BOOK NUMBER
International Standard Book Number 978-84-9022-928-6
040 ## - CATALOGING SOURCE
Original cataloging agency DO-CoUTE
Language of cataloging spa
Transcribing agency DO-CoUTE
082 ## - DEWEY DECIMAL CLASSIFICATION NUMBER
Edition number 21
Classification number 615.7362 AL473g
Item number 2016
100 1# - MAIN ENTRY--PERSONAL NAME
Personal name Álvarez López, Jorge
Relator term autor
245 1# - TITLE STATEMENT
Title Guía farmacológica pediátrica : en tratamiento parenteral y cuidados de enfermería /
Statement of responsibility, etc. Jorge Álvarez López
260 ## - PUBLICATION, DISTRIBUTION, ETC.
Place of publication, distribution, etc. Barcelona, España :
Name of publisher, distributor, etc. ELSEVIER
Date of publication, distribution, etc. 2016
300 ## - PHYSICAL DESCRIPTION
Extent xxvi, 674 :
Other physical details Ilustraciones ;
Dimensions 20cm.
504 ## - BIBLIOGRAPHY, ETC. NOTE
Bibliography, etc. note Incluye referencias bibliográficas e índice
520 ## - SUMMARY, ETC.
Summary, etc. Esta referencia de formato bolsillo incluye información de múltiples condiciones y procedimientos médico-quirúrgicos completamente actualizados para reflejar la práctica actual. Está organizada alfabéticamente para facilitar las búsquedas e incluye ilustraciones a todo color y cuadros de resumen para que pueda obtener rápidamente la información solicitada. Se divide en tres secciones: La primera incluye con más de 200 enfermedades (definición, fisiopatología, manifestaciones clínicas, complicaciones, estudios diagnósticos, cuidados Interprofesionales (incluyendo terapia farmacológica, cuando sea relevante) y gestión en Enfermería. La segunda, Tratamientos y Procedimientos, está dedicada a procedimientos diagnósticos y terapéuticos habituales como el soporte vital básico o la nutrición enteral. Por último, el apéndice de consulta contiene un listado de abreviaturas, consejos para evitar errores frecuentes en la práctica clínica, valores gasométricos, hemoderivados, ruidos respiratorios, fórmulas de uso común, características de las arritmias más frecuentes, vigilancia electrocardiográfica, escala de coma de Glasgow, ruidos cardíacos, vigilancia de la presión intracraneal, valores analíticos, volúmenes, etc.
650 #7 - SUBJECT ADDED ENTRY--TOPICAL TERM
Source of heading or term LEMB
Topical term or geographic name entry element Farmacología perinatal
700 1# - ADDED ENTRY--PERSONAL NAME
Personal name Flores González, Jesús
Relator term colaborador
700 1# - ADDED ENTRY--PERSONAL NAME
Personal name Fernández Leal, Antonio
Relator term colaborador
700 1# - ADDED ENTRY--PERSONAL NAME
Personal name Díaz Rodríguez, José Luís
Relator term colaborador
942 ## - ADDED ENTRY ELEMENTS (KOHA)
Source of classification or shelving scheme Dewey Decimal Classification
Koha item type Libros
Existencias
Withdrawn status Lost status Source of classification or shelving scheme Damaged status Not for loan Collection code Home library Current library Shelving location Date acquired Inventory number Total Checkouts Full call number Barcode Date last seen Copy number Price effective from Koha item type
    Dewey Decimal Classification     Colección General Biblioteca UTECO Biblioteca UTECO En Estantería 07/26/2022 021596   615 7362 AL473g 2016 021596 07/26/2022 Ej.1 07/26/2022 Libros
© 2021 Derechos Reservados UTECO - Teléfono: +1 809-585-2291 - Correo electrónico: biblioteca@uteco.edu.do​  
Código postal 43000 ​​
Dirección: Avenida Universitaria No. 100, 
Cotuí, Provincia Sánchez Ramírez, República Dominicana - RNC: 404-00059-6